| 000 | 00469pab a2200181 454500 | ||
|---|---|---|---|
| 008 | 180718b2015 xxu||||| |||| 00| 0 eng d | ||
| 100 | _aMishra, P.N. | ||
| 245 | _aIndian ethos and future management education | ||
| 260 | _c2015 | ||
| 300 | _ap.6-11. | ||
| 362 | _a6 Apr | ||
| 650 | _aManagement education - India | ||
| 650 | _aManagement education | ||
| 700 | _aMishra, Vishnu N. | ||
| 700 | _aMishra, Nivrati | ||
| 773 | _aUniversity News | ||
| 909 | _a107416 | ||
| 999 |
_c107411 _d107411 |
||